Derushe ṿe-ḥidushe ha-Rambad : (Record no. 32712)

MARC details
000 -LEADER
fixed length control field 00765cam a22002411 4500
001 - CONTROL NUMBER
control field he 67002039
003 - CONTROL NUMBER IDENTIFIER
control field DLC
005 - DATE AND TIME OF LATEST TRANSACTION
control field 20260227111451.0
008 - FIXED-LENGTH DATA ELEMENTS--GENERAL INFORMATION
fixed length control field 830630s1942 hu 000 0 heb
010 ## - LIBRARY OF CONGRESS CONTROL NUMBER
LC control number he 67002039
035 ## - SYSTEM CONTROL NUMBER
System control number (OCoLC)19147344
040 ## - CATALOGING SOURCE
Original cataloging agency DLC
Transcribing agency MH
Modifying agency DLC
042 ## - AUTHENTICATION CODE
Authentication code premarc
050 00 - LIBRARY OF CONGRESS CALL NUMBER
Classification number BM740
Item number .D48 1942
100 1# - MAIN ENTRY--PERSONAL NAME
Personal name Deutsch, Moses,
Dates associated with a name -1931.
245 00 - TITLE STATEMENT
Title Derushe ṿe-ḥidushe ha-Rambad :
Remainder of title derushim ... ʻal parashiyot ha-Torah ... ḥidushe halakhot be-sugyot ha-Shas.
260 ## - PUBLICATION, DISTRIBUTION, ETC.
Place of publication, distribution, etc. Salgótarján :
Name of publisher, distributor, etc. Deutsch J.,
Date of publication, distribution, etc. 703 [1942 or 1943]
300 ## - PHYSICAL DESCRIPTION
Extent 68, 52 leaves ;
Dimensions 28 cm.
500 ## - GENERAL NOTE
General note "Nidpas bi-defus Yaʻaḳov Ṿider."
630 00 - SUBJECT ADDED ENTRY--UNIFORM TITLE
Uniform title Talmud
General subdivision Commentaries.
650 #0 - SUBJECT ADDED ENTRY--TOPICAL TERM
Topical term or geographic name entry element Jewish sermons.
752 ## - ADDED ENTRY--HIERARCHICAL PLACE NAME
Country or larger entity Hungary
City Salgótarján

No items available.

Powered by Koha